A Textbook of electrical technology / (Record no. 3268)

000 -LEADER
fixed length control field 00445nam a22001577a 4500
008 - FIXED-LENGTH DATA ELEMENTS--GENERAL INFORMATION
fixed length control field 200324b ||||| |||| 00| 0 eng d
082 00 - DEWEY DECIMAL CLASSIFICATION NUMBER
Classification number 621.3
Item number R261
100 ## - MAIN ENTRY--PERSONAL NAME
9 (RLIN) 2777
Personal name Rawlley, P. P.
245 10 - TITLE STATEMENT
Title A Textbook of electrical technology /
250 ## - EDITION STATEMENT
Edition statement 2nd ed.
260 ## - PUBLICATION, DISTRIBUTION, ETC. (IMPRINT)
Place of publication, distribution, etc Ludhiana
Name of publisher, distributor, etc Katson
Date of publication, distribution, etc 1980
300 ## - PHYSICAL DESCRIPTION
Extent xvi, 310 p.
650 #0 - SUBJECT ADDED ENTRY--TOPICAL TERM
Topical term or geographic name as entry element Electrical Engineering
700 ## - ADDED ENTRY--PERSONAL NAME
9 (RLIN) 2778
Personal name Mittal, M. P.
942 ## - ADDED ENTRY ELEMENTS (KOHA)
Item type Books
Holdings
Withdrawn status Lost status Source of classification or shelving scheme Damaged status Not for loan Permanent location Current location Date acquired Full call number Barcode Date last seen Koha item type
          IMU Kolkata IMU Kolkata 2020-03-24 621.3 R261 05499 2020-03-24 Books
Designed and Maintained by IMU-KC Library, Kolkata Campus © Copyright All Rights Reserved

webs counters

Powered by Koha